Waiting for guffman / (Record no. 22637)

000 -LEADER
fixed length control field 01115nam a22002537a 4500
008 - FIXED-LENGTH DATA ELEMENTS--GENERAL INFORMATION
fixed length control field 260416b xxu||||| |||| 00| 0 eng d
040 ## - CATALOGING SOURCE
Transcribing agency Cagayan State University
082 ## - DEWEY DECIMAL CLASSIFICATION NUMBER
Classification number 791. 4372
Item number W145 1996
245 ## - TITLE STATEMENT
Title Waiting for guffman /
Statement of responsibility, etc directed by Christopher Guest ; written by Eugene Levy ; produced by ; Karen Murphy and Ginger Sledge
260 ## - PUBLICATION, DISTRIBUTION, ETC. (IMPRINT)
Place of publication, distribution, etc Lockheart Texas
Name of publisher, distributor, etc Castle Rock Entertainment,
Date of publication, distribution, etc 1996.
300 ## - PHYSICAL DESCRIPTION
Extent 1 videofile, (ca. 84 minutes)
Other physical details sound, color.
500 ## - GENERAL NOTE
General note Availed from IMDb web
520 ## - SUMMARY, ETC.
Summary, etc An aspiring director and the marginally talented amateur cast of a hokey small-town Missouri musical production go overboard when they learn that someone from Broadway will be in attendance.
521 ## - TARGET AUDIENCE NOTE
Target audience note Rated R for brief strong language.
Source Motion Picture Rating (MPA)
546 ## - LANGUAGE NOTE
Language note In English Language,m
650 ## - SUBJECT ADDED ENTRY--TOPICAL TERM
Topical term or geographic name as entry element Sattire.
650 ## - SUBJECT ADDED ENTRY--TOPICAL TERM
Topical term or geographic name as entry element Comedy.
700 ## - ADDED ENTRY--PERSONAL NAME
Personal name Guest, Christopher, director, writer and star.
700 ## - ADDED ENTRY--PERSONAL NAME
Personal name Levy, Eugene, writer.
700 ## - ADDED ENTRY--PERSONAL NAME
Personal name Murphy, Karen , producer.
700 ## - ADDED ENTRY--PERSONAL NAME
Personal name Arquette, Lewis, .star
700 ## - ADDED ENTRY--PERSONAL NAME
Personal name Fred, Willard, star.
942 ## - ADDED ENTRY ELEMENTS (KOHA)
Source of classification or shelving scheme
Item type Audio-Visual Materials
Holdings
Source of acquisition Price effective from Permanent location Date last seen Not for loan Date acquired Source of classification or shelving scheme Koha item type Collection code Shelving location Damaged status Lost status Withdrawn status Current location Full call number
Donations2026-04-16Cagayan State University - Carig Library2026-04-16 2026-04-16 Audio-Visual MaterialsElectronic Media CenterAudio Visual   Cagayan State University - Carig Library791. 4372 W145 1996

Cagayan State University University Library, Carig Campus
Tuguegarao City, Cagayan 3500 | www.csucarig.edu.ph

Powered by Koha